Illinois Basketball Season Leaders - Statistics

General Stats
  • This quiz has been taken 24 times
  • The average score is 6 of 17
Answer Stats
Answer % Correct
Kofi Cockburn
100%
Ayo Dosunmu
95%
Trent Frazier
80%
Leron Black
50%
Malcolm Hill
45%
Giorgi Bezhanishvili
35%
Brandon Paul
30%
Meyers Leonard
30%
Nnanna Egwu
25%
Tracy Abrams
25%
Demetri McCamey
15%
Rayvonte Rice
15%
Maverick Morgan
10%
Mike Davis
10%
Jaylon Tate
5%
Mike Tisdale
5%
Mark Alstork
0%
No matching quizzes found
Score Distribution
Percent of People with Each Score
Percentile by Number Answered
Your Score History
You have not taken this quiz